000 00257nam a2200109Ia 4500
008 190919s9999||||xx |||||||||||||| ||und||
100 _aDevlin,Keith
245 0 _aSets,Functions and Logic
260 _aLondon
_bAddison
_c2000
300 _a294
942 _cBK
999 _c10309
_d10309